000 00448nam a2200169Ia 4500
005 20250508162111.0
008 008 250505s9999 xx 000 0 eng d
037 _aBooks to be hide in OPAC
040 _aFEDL
_beng
_cFEDL
041 _aeng
_2eng
084 _a371.26, PAT/O
_qFEDL
100 _aPatel R N
_992229
245 0 _aEducation evaluation
300 _a272p.
942 _cHB
_h371.26, PAT/O
999 _c1374378
_d1374378